| 000 | 00379pab a2200157 454500 | ||
|---|---|---|---|
| 008 | 180718b2004 xxu||||| |||| 00| 0 eng d | ||
| 100 | _aWaseem, Mohammad | ||
| 245 | _aPakistan: beyond elections-2002 | ||
| 260 | _c2004 | ||
| 300 | _ap.55-70. | ||
| 362 | _aJul-Sep | ||
| 650 | _aElections - Pakistan | ||
| 650 | _aElections | ||
| 773 | _aSouth Asian Journal | ||
| 909 | _a61735 | ||
| 999 |
_c61735 _d61735 |
||